Quizzes
Events
Quiz Creation
Community
Videos
Private Events
Remove Ads
Sign In
Join for FREE
Feedback
Dark Mode
Quiz Categories
Sports
Geography
Music
Movies
Television
Just For Fun
Miscellaneous
History
Literature
Language
Science
Gaming
Entertainment
Religion
Holiday
For Kids
Quiz Lab
Recent
Popular Today
Quiz Kudos Today
Editor Picks
Curator Picks
Quizzes by...
Day
Popularity
Type
Ratings
Length
Year
Community
Subscriptions
Recent Discussions
Orange Saloon
Badges
Playlists
Quests
Create
Leaderboards
Showdown
Live 5
Trivia Bingo
Activity
Puzzle Library
Sporcle Events
Private Events
Virtual Trivia
Globe League
Become a Host
Pub Owners
SporcleCon
Opinionation
Our Games
Videos
Blog
Mobile Apps
Partnerships
Remove Ads and Go Orange
Feedback
Gaming
Video Games
Board Games
Card Games
Pokémon
Mario
Nintendo
Minecraft
Console
Toys
Legend of Zelda
Gaming
Video Games
Board Games
Card Games
Pokémon
Mario
Nintendo
Minecraft
Console
Toys
Legend of Zelda
Random Quiz
Search Sporcle
×
Quiz Lab
Quiz Lab
Gaming
Cars
Type in answers that appear in a list
Type in answers that appear in a list
Classic
Best Score? Go Orange.
Gran Turismo Manufacturers Stats
Can you name the GT5 Car Manufacturers?
By
Queretano
15m
80 Questions
230 Plays
230 Plays
230 Plays
Comments
Comments
Give Quiz Kudos
Give Quiz Kudos
-
- Ratings
hide this ad
Replay
Link that replays current quiz
Next Quiz
Link to next quiz in quiz playlist
You Got
0%
They Got
Avg Score
58%
Avg Friend Score
Upgrade to see
Score Distribution
Jump to the score distribution portion of the page
Score
0/80
Timer
15:00
0
Plays Today
Sample Car
Manufacturer
% Correct
Mustang GT ‘05
Ford
92.6%
Fairlady Z Version S (Z33) ‘07
Nissan
90.4%
R8 5.2 FSI quattro ‘09
Audi
87.4%
264.P Honda CIVIC TYPE R (EK) RM ‘97
Honda
87%
M3 GTR ‘03
BMW
84.8%
Corvette Z06 (C6) ‘06
Chevrolet
84.3%
DB9 Coupe ‘06
Aston Martin
83%
Viper GTS ‘02
Dodge
81.7%
430 Scuderia ‘07
Ferrari
81.7%
IMPREZA Sedan WRX STi Version II ‘95
Subaru
81.7%
Lancer Evolution IX GSR ‘05
Mitsubishi
80.9%
CELICA SS-
II (ZZT231) ‘99
Toyota
80.9%
Barchetta Giovane Due ‘00
Fiat
79.1%
Murciélago LP 640 ‘09
Lamborghini
79.1%
8C Competizione ‘08
Alfa Romeo
78.7%
XKR Coupe ‘10
Jaguar
77.8%
INTEGRA TYPE R ‘01
Acura
77%
Veyron 16.4 ‘09
Bugatti
76.5%
Lupo GTI Cup Car (J) ‘03
Volkswagen
76.5%
Elise Sport 190 ‘98
Lotus
76.1%
COOPER S ‘05
Mini
76.1%
Megane 2.0 IDE Coupe ‘00
Renault
74.8%
CLK 55 AMG ‘00
Mercedes Benz
73.5%
Zonda R ‘09
Pagani
72.6%
C4 Coupe 2.0VTS ‘05
Citroen
71.7%
206 RC ‘03
Peugeot
71.3%
éfini RX-
7 Type RZ (FD) ‘93
Mazda
70.9%
Speedster Turbo ‘00
Opel
69.1%
STRATOS ‘73
Lancia
68.7%
Range Stormer Concept ‘04
Land Rover
68.7%
GranTurismo S ‘08
Maserati
68.7%
Cappuccino (EA11R) ‘91
Suzuki
68.7%
Tuscani CCS ‘03
Hyundai
66.5%
Griffith 500 ‘94
TVR
66.5%
CIEN Concept ‘02
Cadillac
65.7%
Ibiza Cupra ‘04
Seat
65.7%
300C ‘05
Chrysler
65.2%
Corsa Comfort 1.4 ‘01
Vauxhall
64.8%
R-
Design ‘09
Volvo
64.8%
SC 430 (US) ‘01
Lexus
63.9%
Sample Car
Manufacturer
% Correct
F1 ‘94
McLaren
63%
Solstice Coupe Concept ‘02
Pontiac
63%
Speed 8 Race Car ‘03
Bentley
62.2%
G35 Sedan ‘03
Infiniti
62.2%
GT350R ‘65
Shelby
61.3%
Superbird ‘70
Plymouth
58.3%
GNX ‘87
Buick
57.8%
Midget II D type ‘98
Daihatsu
57.4%
DeLorean S2 ‘04
DMC
55.7%
Cougar XR-
7 ‘67
Mercury
55.7%
BTR ‘86
RUF
54.8%
S7 ‘02
Saleen
53%
Spitfire 1500 ‘74
Triumph
52.2%
Storm V12 Race Car ‘99
Lister
51.7%
Seven Fire Blade ‘02
Caterham
50%
xB ‘03
Scion
50%
Tank Car ‘03
Jay Leno
49.1%
C8 Laviolette ‘01
Spyker
47.8%
DOME-
ZERO Concept ‘78
Dome
47.4%
Interceptor MkIII ‘74
Jensen
47.4%
117COUPÉ ‘68
Isuzu
43.5%
MUGEN S2000 ‘00
Mugen
43%
2J Race Car ‘70
Chaparral
38.3%
A112 Abarth ‘79
Autobianchi
37%
427 S/
C ‘66
AC Cars
36.5%
ZZ-
S ‘00
Tommykaira
35.7%
Vertigo Race Car ‘04
Gillet
34.8%
G4 ‘64
Ginetta
34.3%
C12 ‘03
Callaway
32.2%
Tesla Roadster ‘08
Tesla Motors
31.3%
Garaiya ‘02
Autobacs
27%
GENKI HYPER SILVIA RS2 (D1GP) ‘04
HKS
27%
BNR34 SKYLINE GT-
R V?spec N1 base ‘00
Mine's
27%
DUNLOP ER34 SKYLINE (D1GP) ‘07
BLITZ
22.2%
NISMO 380RS Super Leggera
Amuse
21.7%
G37 (SEMA Gran Turismo Awards 2008)
High End Performance
18.7%
1970 Ford Mustang Trans-
Cammer (SEMA Gran Turismo Awards 2009)
Grand Touring Garage
17.8%
Corvette’60 (SEMA Gran Turismo Awards 2006)
Art Morrison
17%
FT565 twin turbo Audi TT (SEMA Gran Turismo Awards 2007)
HPA Motorsports
16.1%
4.3%
Quiz Playlist
Details
Report
Send in Message
Add To Playlist
Classic:
Type in answers that appear in a list
Quiz Source
Last Updated: Feb 16, 2017
Quiz Scoreboard
CHALLENGE
Sign Up to Join the Scoreboard
Show All
Scores
Hide
Comments
May contain spoilers
Recently Published
Presidents Visiting Landmarks
by Hejman
History
7m
An Introduction to Baseball
by treessimontrees
Sports
5m
Movies - When Are They Set?
by FPL_Elf
Movies
5m
More to Explore
Quiz From the Vault
Featured Blog Post
Where Did the Easter Bunny Come From?
hide this ad
You Might Also Like...
Tags
Cars Quiz
Nation Quiz
car
Car Brands
Car Companies
Car Manufacturers
gran
Manufacturer
race
sample
turismo
Today's Top Quizzes in Gaming
Browse Gaming
hide this ad
Today's Top Quizzes in Cars
Browse Cars
Top Contributed Quizzes in Gaming
1
5-to-1: Consoles
2
7-to-1: Board Game Piece Blitz
3
5-to-1: Legend of Zelda
4
Destiny 2 exotic weapons by perk icons
5
Ultimate Genshin Impact Logic Puzzle (up to 4.3)
6
Franchise by Action Figure
7
Overwatch Logic Puzzle
8
Who's on the WWE 2K24 Cover?
9
Genshin Impact Logic Puzzle Quiz
10
Windmill: Pokémon
Explore More
Trending Topics
Crossword
Harry Potter
NBA
Disney
Anime
Kpop
Marvel
Soccer
Country
Song
NFL
Pokémon
Puzzle
The Office
WWE
hide this ad
More By:
Queretano
Quiz
Plays
Rating
Category
Featured
Created
Gran Turismo Manufacturers
230
4.00
Gaming
Jun 28, 2012
Go to Creator's Profile
Score Distribution
Quiz Creator Spotlight
Queretano
Follow
Send a Message
Quizzes Created
-
Created Quiz Play Count
-
More By This Creator
Popular Quizzes Today
1
Find the US States - No Outlines Minefield
2
Find the Countries of Europe - No Outlines Minefield
3
The Countries of the World
4
Find the US States
5
Popular People in 1961
6
US States
7
Risky Map Clicking: Biggest States A-Z
8
Movies - When Are They Set?
More Gaming Quizzes
Types of Dolls
Published
Trending Quizzes
Risky Map Clicking: Least Populous States A-Z
1-10 Letter G Words
1-10 Letter F Words
Risky Map Clicking: Next State Alphabetically
Risky Map Clicking: Biggest States A-Z
Recently Updated
Leaping Animals
pecheneg
Reality TV Shows (A-Z)
bhenderson79
Rickey Henderson's Hall of Fame Teammates
pecheneg
Champions League XIs: Arsenal
pecheneg
Quick Pick: Celebrities in WWE's Hall of Fame
aduchscher
A-Z Keypad Blitz II
pecheneg
Multiple Oscar Actors
pecheneg
Mystery Phrase Blitz: Oscar 'Best Actors'
pecheneg
F. Scott Fitzgerald Novels
LTH
Pick 3 Villains
ddd62291
Trending Topics
NBA
Disney
Marvel
Crossword
Anime
Harry Potter
Kpop
The Office
Pokémon
NFL
WWE
Puzzle
Soccer
Country
Song
Your Account Isn't Verified!
In order to create a playlist on Sporcle, you need to verify the email address you used during registration. Go to your
Sporcle Settings
to finish the process.
Report this User
Report this user for behavior that violates our
Community Guidelines
.
Details:
Send Report
Go to the Sporcle.com Mobile Site →
Comments